<?xml version="1.0" encoding="UTF-8"?><?xml-stylesheet type="text/xsl" href="static/style.xsl"?><OAI-PMH xmlns="http://www.openarchives.org/OAI/2.0/" xmlns:xsi="http://www.w3.org/2001/XMLSchema-instance" xsi:schemaLocation="http://www.openarchives.org/OAI/2.0/ http://www.openarchives.org/OAI/2.0/OAI-PMH.xsd"><responseDate>2026-06-03T07:11:07Z</responseDate><request verb="GetRecord" identifier="oai:riuma.uma.es:10630/31665" metadataPrefix="marc">https://riuma.uma.es/rest/oai/request</request><GetRecord><record><header><identifier>oai:riuma.uma.es:10630/31665</identifier><datestamp>2026-02-03T11:28:28Z</datestamp><setSpec>com_10630_2254</setSpec><setSpec>col_10630_37953</setSpec></header><metadata><record xmlns="http://www.loc.gov/MARC21/slim" xmlns:dcterms="http://purl.org/dc/terms/" xmlns:doc="http://www.lyncode.com/xoai" xmlns:xsi="http://www.w3.org/2001/XMLSchema-instance" xsi:schemaLocation="http://www.loc.gov/MARC21/slim http://www.loc.gov/standards/marcxml/schema/MARC21slim.xsd">
   <leader>00925njm 22002777a 4500</leader>
   <datafield ind2=" " ind1=" " tag="042">
      <subfield code="a">dc</subfield>
   </datafield>
   <datafield ind2=" " ind1=" " tag="720">
      <subfield code="a">González-Valenzuela, María José</subfield>
      <subfield code="e">author</subfield>
   </datafield>
   <datafield ind2=" " ind1=" " tag="720">
      <subfield code="a">Martín-Ruiz, Isaías</subfield>
      <subfield code="e">author</subfield>
   </datafield>
   <datafield ind2=" " ind1=" " tag="260">
      <subfield code="c">2016</subfield>
   </datafield>
   <datafield ind2=" " ind1=" " tag="520">
      <subfield code="a">El lenguaje oral y el lenguaje escrito comparten&#xd;
algunos procesos cognitivos, lo que sugiere la infl uencia&#xd;
recíproca entre ellos. Por ello, se pretendió verifi car los&#xd;
efectos en el lenguaje oral de un programa de intervención&#xd;
que fomenta sistemática y prioritariamente la lectoescritura&#xd;
desde edades tempranas. La muestra se formó por 56&#xd;
alumnos en riesgo de difi cultades de aprendizaje. El diseño&#xd;
fue longitudinal, con 4 evaluaciones, 3 fases de intervención,&#xd;
4 variables de estudio (desarrollo del lenguaje oral,&#xd;
fonológico, semántico y morfosintáctico) y 2 grupos (instruido&#xd;
y no instruido). Se realizaron análisis de la varianza&#xd;
con medidas repetidas. Los resultados mostraron puntuaciones&#xd;
más altas en todas las variables en el grupo instruido.&#xd;
Se destaca la importancia de la intervención temprana del&#xd;
lenguaje escrito para la mejora del desarrollo del lenguaje&#xd;
oral de los individuos en riesgo de presentar difi cultades de&#xd;
aprendizaje.</subfield>
   </datafield>
   <datafield ind1="8" ind2=" " tag="024">
      <subfield code="a">González-Valenzuela, M.J.  y  Martín-Ruiz, I. (2016). Intervención temprana del desarrollo del lenguaje oral en niños en riesgo de dificultades de aprendizaje: un estudio longitudinal. Revista Mexicana de Psicologia, 33 (1), 50 – 60.</subfield>
   </datafield>
   <datafield ind1="8" ind2=" " tag="024">
      <subfield code="a">https://www.redalyc.org/articulo.oa?id=243056043006</subfield>
   </datafield>
   <datafield ind1="8" ind2=" " tag="024">
      <subfield code="a">https://hdl.handle.net/10630/31665</subfield>
   </datafield>
   <datafield tag="653" ind2=" " ind1=" ">
      <subfield code="a">Comunicación oral - Estudio de casos</subfield>
   </datafield>
   <datafield tag="653" ind2=" " ind1=" ">
      <subfield code="a">Trastornos de aprendizaje</subfield>
   </datafield>
   <datafield ind2="0" ind1="0" tag="245">
      <subfield code="a">Intervención temprana del desarrollo del lenguaje oral en niños en riesgo de dificultades de aprendizaje: un estudio longitudinal.</subfield>
   </datafield>
</record>
</metadata></record></GetRecord></OAI-PMH>